| 000 | 01064nam a22003017a 4500 | ||
|---|---|---|---|
| 001 | 8298 | ||
| 003 | FISKH | ||
| 005 | 20250908151543.0 | ||
| 008 | 250908b cb ||||| |||| 00| 0 eng d | ||
| 020 | _a9780545556323 | ||
| 040 |
_aFISKH _beng _cFISKH _dFISKH |
||
| 050 | _aGV1785.B3 W56 | ||
| 082 | _a792.8092 | ||
| 100 | _aWinter, Jonah | ||
| 245 |
_aJazz age Josephine / _cBy Jonah Winter ; Illustrated by Marjorie Priceman |
||
| 250 | _aThis edition first published in 2012 | ||
| 260 |
_aNew York : _bScholastic, _c2012 |
||
| 300 |
_a38 unnumbered pages : _bcolor illustrations ; _c26 cm |
||
| 505 | _aR | ||
| 520 | _aA tribute to the life of the iconic jazz entertainer depicts her disadvantaged youth in a segregated America, her unique performance talents, and the irrepressible sense of style that helped her overcome racial barriers. | ||
| 521 | 8 |
_a770
_bLexile |
|
| 521 | 8 |
_aR
_bRaz-Plus |
|
| 650 |
_2Jazz _aDance |
||
| 650 |
_2Biography _aBlues |
||
| 700 |
_aPriceman, Marjorie _dillustrator |
||
| 942 |
_2ddc _cBK _n0 |
||
| 999 |
_c8298 _d8298 |
||